Countries With the Most and Least Visually Impaired People - Statistics

General Stats
  • This quiz has been taken 13 times
  • The average score is 6 of 10
Answer Stats
Country % Correct
France
100%
Germany
90%
Japan
70%
South Korea
70%
Belgium
60%
Greece
60%
Netherlands
60%
Philippines
40%
Turkey
40%
Nepal
10%
No matching quizzes found
Score Distribution
Percent of People with Each Score
Percentile by Number Answered
Your Score History
You have not taken this quiz